Geography of New England - Statistics

General Stats
  • This quiz has been taken 43 times
  • The average score is 16 of 22
Answer Stats
Questions Answer % Correct
1) Biggest city in New England, affectionately called Beantown Boston
100%
8) This Connecticut capital proclaims itself the insurance capitalof the world Hartford
98%
6) The Mayflower landed at this town on mainland Mass, where therock is dedicated to the first pilgrim landing Plymouth
95%
20) The biggest city in Maine, also a large city in Oregon Portland
95%
4) This beloved ballpark sits in the heart of Boston, played incontinuously since 1912 Fenway
90%
14) This Vermont city is the least populated capital in the US Montpelier
90%
19) Named the Ocean state for its famous beaches and seafood, the smalleststate in the US Rhode Island
90%
12) This NFL team plays at Gillette Stadium in Foxborough, Mass New England Patriots
88%
21) Furthest of the Cape Cod islands, known for its small towns, dunes andquiet beaches Nantucket
83%
2) Among the 67 towns named this, this western Masscity is the oldest Springfield
83%
5) Biggest city in Vermont, on the eastern shore of Lake Champlain Burlington
80%
7) Peninsula in eastern Mass shaped like an arm, beloved for itsbeaches and famed vacation spots Cape Cod
80%
9) Massive national park on the coast of central Maine consisting ofrocky beaches and glacier carved peaks Acadia
75%
10) Highest peak in New England, over 6000 ft in the White Mountains Mount Washington
63%
13) Northern Mass town known for its textile mills and preserved factoriesfrom the Industrial age Lowell
60%
11) Town on the tip of Cape Cod, known for its summer activities, beachesand the Pilgrim tower Provincetown
60%
18) This historic city south of Boston is the birthplace of the 2nd and 6thUS presidents Quincy
60%
3) This island is home to luxurious mansions belongingto some of the wealthiest families, including the Vanderbilts Newport
50%
22) This coastal CT town has a large aquarium and historic seaportdistrict from its colonial sailing days Mystic
48%
15) This southeastern Mass city was once the whaling capital of the world New Bedford
40%
16) The "valley" section of western Mass on the CT river north ofSpringfield Pioneer Valley
30%
17) The ill fated Andrea Gail made its voyage in 1991 out of this coastalcity in northeast Mass Gloucester
23%
No matching quizzes found
Score Distribution
Percent of People with Each Score
Percentile by Number Answered
Your Score History
You have not taken this quiz